Obscure Knowledge Trivia - Statistics

General Stats
  • This quiz has been taken 34 times
  • The average score is 3 of 15
Answer Stats
Hint Answer % Correct
First dog to go to space Laika
85%
Fruit Grenadine syrup is traditionally made of pomegranate
42%
Animal known in German as "little oak cat" Squirrel
38%
What is the 1972 Andes plane crash known for? Cannibalism
35%
Year that Phillip Hamilton died 1801
27%
The focus of orbit closest to the sun perihelion
23%
Fictional mafia movie Tumblr users collectively made up Goncharov
19%
Scientist that experimented on frog legs and pioneered the concept of "animal electricity?" Luigi Galvani
15%
The taxonomic family blue jays are a part of Corvids
12%
In the game Stardew Valley, where does the player find Mayor Lewis's purple shorts? Marnie's room
8%
A type of story in which an extremely long-winded anecdote filled with irrelevant details results in an anticlimax. Shaggy dog story
8%
One of the world's most powerful warships when launched in 1628, this ship only sailed 1,300 metres into its maiden voyage before sinking Vasa
8%
Before modern medicine, how doctors diagnosed diabetes Drank patient's pee
4%
The space between the lungs, in which the heart rests Mediastinum
4%
Disease brought to the Americas by seals Tuberculosis
4%
No matching quizzes found
Score Distribution
Percent of People with Each Score
Percentile by Number Answered
Your Score History
You have not taken this quiz